000 00706cam a2200229 a 4500
001 000008046
005 20200929154416.0
008 941007s1993 sp 001 f spa
020 _a8479541369
040 _aDO-SdBNP
_cDLC
_dDLC
082 _a863.64
_bP259s, 1993
100 2 _aParra, Ernesto,
_d1952-
_921954
245 1 0 _aSoy un extrano para ti /
_cErnesto Parra.
250 _a2a ed.
260 _aMadrid :
_bLibertarias/Prodhufi,
_c1993.
300 _a203 p. ;
_c21 cm.
490 1 _aNarrativa/Libertarias/Prodhufi
_v43
650 4 _aNovela española
_91123
650 4 _aLiteratura española
_9632
830 0 _aNarrativa/Libertarias/Prodhufi ;
_v43
_921955
910 _aCatalogación por copia / LC
999 _c7823
_d7823